000 00542nam a2200181Ia 4500
008 100920s9999 xx 000 0 und d
082 _b91565
_a491.462 थ 64
100 _aतेंडुलकर विजय.
245 _aसरी ग सरी.
260 _bमौज प्रकाशन-गृह,मुंबई.4.
_c1964
300 _a110
_bसाधी
365 _b3
520 _aनाटक.
630 _aसरी ग सरी.
650 _aनाटक.
730 _aसरी ग सरी.
942 _cBOOK
999 _c732033
_d732030